CATÁLOGO PÚBLICO DE LA BIBLIOTECA OSCAR VARSAVSKY

Antología poética. Con la segunda versión de Florentino y el diablo. N° 21. (Registro nro. 3716)

Detalles MARC
000 -CABECERA
campo de control de longitud fija 00524nam a22001937a 4500
001 - NÚMERO DE CONTROL
campo de control T027600002563
008 - DATOS DE LONGITUD FIJA--INFORMACIÓN GENERAL
campo de control de longitud fija 181111b xve|||||r|||| 00| | esp d
020 ## - NÚMERO INTERNACIONAL ESTÁNDAR DEL LIBRO
Número Internacional Estándar del Libro 980-1-1269-3
099 ## - SIGNATURA TOPOGRÁFICA LOCAL
Número de clasificación 861
Cutter A795
Fecha Cota Rep. 1
100 ## - ENTRADA PRINCIPAL--NOMBRE DE PERSONA
Nombre de persona Arvelo Torrealba, Alberto.
245 ## - MENCIÓN DE TÍTULO
Título Antología poética. Con la segunda versión de Florentino y el diablo. N° 21.
260 ## - PUBLICACIÓN, DISTRIBUCIÓN, ETC. (PIE DE IMPRENTA)
Lugar de publicación, distribución, etc. 2004
300 ## - DESCRIPCIÓN FÍSICA
Extensión 168
500 ## - NOTA GENERAL
Nota general
650 ## - PUNTO DE ACCESO ADICIONAL DE MATERIA--TÉRMINO DE MATERIA
Término de materia o nombre geográfico como elemento inicial La generación del 60.
650 ## - PUNTO DE ACCESO ADICIONAL DE MATERIA--TÉRMINO DE MATERIA
Término de materia o nombre geográfico como elemento inicial Poetas y poemas del 60.
650 ## - PUNTO DE ACCESO ADICIONAL DE MATERIA--TÉRMINO DE MATERIA
Término de materia o nombre geográfico como elemento inicial Documentos.
942 ## - ELEMENTOS DE PUNTO DE ACCESO ADICIONAL (KOHA)
Tipo de ítem Koha Libro
Existencias
Estado de retiro Estado de pérdida Estado dañado No para préstamo Localización permanente Ubicación/localización actual Fecha de adquisición Total de préstamos Signatura topográfica completa Código de barras Fecha visto por última vez Precio válido a partir de Tipo de ítem Koha Número de copia
        Oscar Varsavsky Oscar Varsavsky 13.11.2018   861 A795 Cota Rep. 1 T027600002555 13.11.2018 13.11.2018 Libro  
        Oscar Varsavsky Oscar Varsavsky 13.11.2018   861 A795 Cota Rep. 1 T027600010093 13.11.2018 13.11.2018 Libro e.2